| 000 | 00328nam a2200097Ia 4500 | ||
|---|---|---|---|
| 008 | 220204s9999 xx 000 0 und d | ||
| 082 |
_a633.73.001.5(548) _bREV |
||
| 245 | 0 | _aReview of the past experimental work on coffee in South India with suggestions for the future | |
| 260 |
_aBalehonnur _bCoffee Research Station |
||
| 942 | _cBK | ||
| 999 |
_c21499 _d21499 |
||